| 000 | 01219nam a2200229Ia 4500 | ||
|---|---|---|---|
| 003 | Ost | ||
| 005 | 20260507075209.0 | ||
| 008 | 260507s9999||||xx |||||||||||||| ||und|| | ||
| 020 | _a20404016149 | ||
| 040 | _cfsecg | ||
| 041 | _aara | ||
| 082 | _a330 | ||
| 100 |
_aسليم، عصام انور _eمؤلف |
||
| 245 | 0 |
_aالنظرية العامة للاثبات في المواد المدنية و التجارية / _c عصام انور سليم |
|
| 260 |
_aبيروت: _bمنشورات الحلبي الحقوقية, _c2010 |
||
| 300 |
_a415 صفحة؛ _c24 سم |
||
| 520 | _aالاثبات القضائي و أهميته و المصادر الرسمية لقواعده ، تفاوت المبادئ المهيمنة على قواعد الاثبات في القانون المقارن ، محل الاثبات و عبؤه ، الكتابة : المحررات الرسمية و المحررات العرفية ، طرق الاثبات ذات القوة المحدودة ، الطرق المعفية من الاثبات : الاقرارا ، اليمين ، حجية الامر المقضى . | ||
| 653 | _aإقامة العدل | ||
| 653 | _aالقانون | ||
| 653 | _aالقضاء | ||
| 942 | _cكتاب | ||
| 999 |
_c43450 _d43450 |
||